International Accounting Standards Committee publications (Record no. 101292)
[ view plain ]
| 000 -LEADER | |
|---|---|
| fixed length control field | 00843cam a2200181 4500 |
| 001 - CONTROL NUMBER | |
| control field | J111814 |
| 008 - FIXED-LENGTH DATA ELEMENTS--GENERAL INFORMATION | |
| fixed length control field | 000000n 000 0 eng u |
| 035 ## - SYSTEM CONTROL NUMBER | |
| System control number | (Sirsi) u111814 |
| 110 ## - MAIN ENTRY--CORPORATE NAME | |
| Corporate name or jurisdiction name as entry element | International Accounting Standards Committee Foundation |
| 9 (RLIN) | 4618 |
| 245 ## - TITLE STATEMENT | |
| Title | International Accounting Standards Committee publications |
| 260 ## - PUBLICATION, DISTRIBUTION, ETC. | |
| Place of publication, distribution, etc. | London |
| Name of publisher, distributor, etc. | IASCF |
| 300 ## - PHYSICAL DESCRIPTION | |
| Extent | Multiple parts |
| 520 ## - SUMMARY, ETC. | |
| Summary, etc. | Comprehensive subscription package including: the annual bound volume of International Financial Reporting Standards, new standards and exposure drafts (all of which are catalogued seperately); and the journals "IASB Insight", "IASB Update" and "IFRIC Update". |
| 650 ## - SUBJECT ADDED ENTRY--TOPICAL TERM | |
| Topical term or geographic name entry element | MANAGEMENT-BUSINESS MANAGEMENT-FINANCIAL MANAGEMENT-ACCOUNTING |
| 650 ## - SUBJECT ADDED ENTRY--TOPICAL TERM | |
| Topical term or geographic name entry element | INTERNATIONAL ACCOUNTING STANDARDS |
| 690 ## - LOCAL SUBJECT ADDED ENTRY--TOPICAL TERM (OCLC, RLIN) | |
| Topical term or geographic name as entry element | MANAGEMENT-BUSINESS MANAGEMENT |
| 942 ## - ADDED ENTRY ELEMENTS (KOHA) | |
| Suppress in OPAC | 0 |
| Withdrawn status | Lost status | Source of classification or shelving scheme | Damaged status | Not for loan | Home library | Current library | Shelving location | Date acquired | Total Checkouts | Full call number | Barcode | Date last seen | Copy number | Price effective from | Koha item type |
|---|---|---|---|---|---|---|---|---|---|---|---|---|---|---|---|
| Dewey Decimal Classification | London | London | Books | 04/04/2001 | 658 INT | 111814-1001 | 06/08/2019 | 1 | 06/08/2019 | Reference material |